000 00515nam a2200193Ia 4500
005 20250326143649.0
008 250326s9999 xx 000 0 und d
020 _a0 566 08628 X
037 _aTextbook
040 _aFMSL
_beng
_cFMSL
041 _aeng
_2eng
084 _aT:65 P4
_qFMSL
100 _aMartin A
_9748344
245 0 _aExperiential learning
_cMartin A; Franc D And Others
260 _aUSA
_bUSA, Gower
_c2004
300 _a198p
942 _cTB
_hT:65 P4
999 _c1300487
_d1300487